International conference on salvage (1989) : final act of the conference and convention on salvage
Saved in:
| Corporate Author: | |
|---|---|
| Format: | Conference Proceeding Book |
| Language: | English |
| Published: |
London :
International Maritime Organization,
1989
|
| Subjects: | |
| Tags: |
Add Tag
No Tags, Be the first to tag this record!
|
MARC
| LEADER | 00000cam a2200000 i 4500 | ||
|---|---|---|---|
| 001 | 1/66044 | ||
| 008 | 980907s1989 eng d | ||
| 020 | |a 9280112511 | ||
| 035 | |l 10029749 | ||
| 040 | |a GR-MY-UA |b gre |e aacr | ||
| 041 | 0 | |a eng | |
| 082 | 0 | |a 341.75668 | |
| 111 | 2 | |a International Conference on Salvage |d (1989 : |c London, England) | |
| 245 | 1 | 0 | |a International conference on salvage (1989) : |b final act of the conference and convention on salvage |
| 260 | |a London : |b International Maritime Organization, |c 1989 | ||
| 300 | |a v, 25 p. | ||
| 650 | 0 | 0 | |a Salvage |x Congresses. |
| 650 | 0 | 0 | |a Law of the sea |x Congresses. |
| 852 | |a INST |b CHIOS |e 19980907 |h 341.75668 INT |p 005200015695 |q 005200015695 |t BK |y 0 | ||
| 901 | |a BIBL-1998-3 | ||
| 909 | |a Χ |b 054765 | ||
| 922 | |a 2ΕΛΗ |b 199809 |c ΤΝΕΥ |d ΜΑΝΤΑΡΑΚΗΣ | ||